Statystyki dla Quiz o Brazylii

Kliknij tutaj aby rozwiązać quiz!

Ogólne statystyki

  • Ten quiz został rozwiązany 8 550 razy
  • Średni wynik to 10 z 21

Statystyki odpowiedzi

WskazówkaOdpowiedź% Poprawnych
Język urzędowyPortugalski
96%
Najbardziej zaludnione miastaRio de Janeiro
92%
StolicaBrasilia
89%
Jedyne państwa Ameryki Południowej,
z którymi Brazylia nie graniczy
Chile
89%
Najdłuższa rzekaAmazonka
84%
Jedyne państwa Ameryki Południowej,
z którymi Brazylia nie graniczy
Ekwador
78%
Brazylia jest producentem nr. 1 tego ziarnaKawa
68%
Czołowi piłkarze mistrzostw świata
w piłce nożnej
Pelé
64%
Najbardziej zaludnione miastaSao Paulo
61%
Czołowi piłkarze mistrzostw świata
w piłce nożnej
Ronaldo
58%
Uroczystość, które odbywa się
pięć dni przed Środą Popielcową
Karnawał
54%
Popularny gatunek muzyki,
a także styl taneczny
Samba
54%
Najsłynniejszy posągStatua Chrystusa
{Zbawiciela}
36%
Najbardziej znane plażeCopacabana
30%
Nazwa brazylijskiego miasta slumsówFawela
22%
Jednostka monetarnaReal
17%
Co zostało ogłoszone za nielegalne w 1888 r.Niewolnictwo
16%
Dewiza widoczna na fladze{Ordem} e Progresso
14%
Kontrowersyjny prezydent wybrany w 2018 r.Jair Bolsonaro
13%
Wodospad na granicy z ArgentynąWodospad {Iguaçu}
9%
Najbardziej znane plażeIpanema
5%

Rozkład punktacji

Percentyl według liczby udzielonych odpowiedzi

Procent ludzi z każdym wynikiem

Twoja historia wyników

Nie rozwiązałeś tego quizu